[Event "RSA-chT U20"]
[Site "Boksburg"]
[Date "2020.01.06"]
[Round "4.1"]
[White "Marais, Nina"]
[Black "Selema, Thato"]
[Result "0-1"]
[WhiteElo "1689"]
[BlackElo "1474"]
[PlyCount "96"]
[EventDate "2020.01.04"]
[EventType "team-tourn"]
[EventRounds "7"]
[EventCountry "RSA"]
[SourceTitle "CBM 194 Extra"]
[Source "ChessBase"]
[SourceDate "2020.03.31"]
[SourceVersion "1"]
[SourceVersionDate "2020.03.31"]
[SourceQuality "1"]
[WhiteTeam "Sedibeng U20"]
[BlackTeam "Capricorn U20"]
[WhiteTeamCountry "RSA"]
[BlackTeamCountry "RSA"]

1. d4 Nf6 2. c4 e6 3. Nc3 Bb4 4. e3 d5 5. Nge2 0-0 6. a3 Bxc3+ 7. Nxc3 Nbd7 8. cxd5 exd5 9. Bd3 Re8 10. 0-0 b6 11. b4 Bb7 12. Bb2 Nf8 13. Rc1 a6 14. Ne2 Qd6 15. Ng3 g6 16. Rc2 Ne6 17. Re1 Ng5 18. f3 Re7 19. Rce2 Rae8 20. Qc2 Ne6 21. Nf1 Nd7 22. Qc3 Ng7 23. e4 b5 24. e5 Qb6 25. Kh1 Nf8 26. Ne3 h5 27. f4 f5 28. Rc1 Nfe6 29. g3 h4 30. Ng2 hxg3 31. hxg3 Nh5 32. Re3 Rh7 33. Kg1 Kf7 34. Be2 Reh8 35. Rf1 c6 36. Qd3 Nhg7 37. Nh4 Qd8 38. Kg2 Nh5 39. Bxh5 Rxh5 40. Kf3 Rxh4 41. gxh4 Qxh4 42. Ree1 Nxf4 43. e6+ Kf6 44. Qd2 Qg4+ 45. Kf2 Rh2+ 46. Ke3 Rh3+ 47. Kf2 Qf3+ 48. Kg1 Rh1# 0-1

[Event "RSA-chT U20"]
[Site "Boksburg"]
[Date "2020.01.04"]
[Round "1.1"]
[White "Nsibande, Bonisani"]
[Black "Selema, Thato"]
[Result "1-0"]
[WhiteElo "1766"]
[BlackElo "1474"]
[PlyCount "137"]
[EventDate "2020.01.04"]
[EventType "team-tourn"]
[EventRounds "7"]
[EventCountry "RSA"]
[SourceTitle "CBM 194 Extra"]
[Source "ChessBase"]
[SourceDate "2020.03.31"]
[SourceVersion "1"]
[SourceVersionDate "2020.03.31"]
[SourceQuality "1"]
[WhiteTeam "Johannesburg Metro U20"]
[BlackTeam "Capricorn U20"]
[WhiteTeamCountry "RSA"]
[BlackTeamCountry "RSA"]

1. d4 d5 2. Nf3 Nf6 3. e3 Bf5 4. Be2 c5 5. 0-0 e6 6. b3 Nc6 7. Bb2 Be7 8. Ne5 0-0 9. Nd2 cxd4 10. exd4 Rc8 11. c4 Bd6 12. Ndf3 Qc7 13. Nxc6 bxc6 14. c5 Be7 15. Ne5 Nd7 16. Nxd7 Qxd7 17. Bd3 e5 18. dxe5 Bxc5 19. Rc1 Bb6 20. Ba3 Bxd3 21. Qxd3 c5 22. Rfd1 Rfd8 23. Rc2 Qe6 24. Bb2 c4 25. Qg3 d4 26. bxc4 Rxc4 27. Rcd2 Rd5 28. h3 Rxe5 29. Bxd4 Bxd4 30. Rxd4 Re1+ 31. Rxe1 Qxe1+ 32. Kh2 Rc8 33. Rd7 a5 34. Qd3 Qe5+ 35. g3 g6 36. h4 Rc3 37. Qd5 Qxd5 38. Rxd5 a4 39. Rd2 f5 40. Kg2 Kg7 41. f3 h5 42. Kf2 Kf6 43. Rd6+ Kf7 44. Rd2 Ke6 45. Re2+ Kd5 46. Rd2+ Kc5 47. Re2 Kb5 48. Re5+ Kb4 49. Re6 Ka3 50. Rxg6 Kxa2 51. Rg5 Rc5 52. Rxh5 Kb2 53. Rh8 a3 54. Rb8+ Kc1 55. g4 f4 56. g5 Rc2+ 57. Kg1 a2 58. Ra8 Kd2 59. g6 Rc1+ 60. Kf2 a1Q 61. Rxa1 Rxa1 62. g7 Ra8 63. h5 Kd3 64. h6 Ra2+ 65. Kg1 Ke3 66. g8Q Ra1+ 67. Kg2 Rd1 68. Qe6+ Kd3 69. Qd5+ 1-0